[Event "MCRE_KT_10"]
[Site "?"]
[Date "2005.??.??"]
[Round "1"]
[White "Tyrlik, Jaroslav"]
[Black "Krejci, Jan"]
[Result "0-1"]
[WhiteElo "1993"]
[BlackElo "1969"]
[PlyCount "130"]
[EventDate "2005.??.??"]
[EventType "corr"]
[EventRounds "2"]
[SourceDate "2005.10.20"]

1. e4 e6 2. d4 d5 3. Nd2 a6 4. Ngf3 c5 5. dxc5 Bxc5 6. Bd3 Nc6 7. exd5 Qxd5 8.
Qe2 Nge7 9. O-O Ng6 10. Ne4 Be7 11. Rd1 Qa5 12. Bg5 f6 13. Be3 O-O 14. Ned2 Qh5
15. Nc4 Rb8 16. Nb6 Kh8 17. c3 e5 18. Nxc8 Rbxc8 19. h3 Rfe8 20. Qc2 Nf8 21.
Bf5 Rb8 22. a4 Bd8 23. Be4 Qf7 24. Bd5 Qc7 25. Qe4 Ng6 26. Qg4 Nce7 27. Be6 Rf8
28. a5 Qc6 29. Bd7 f5 30. Qh4 Nxh4 31. Bxc6 Nxc6 32. Nxh4 Bxh4 33. g3 Bf6 34.
f3 Rfd8 35. Bb6 Rxd1+ 36. Rxd1 Kg8 37. Rd7 Kf8 38. g4 fxg4 39. hxg4 Ke8 40. Rc7
h6 41. Kf1 Nd8 42. Ba7 Ra8 43. Bb6 e4 44. fxe4 Be5 45. Rc5 Nc6 46. Rd5 Ke7 47.
Kg2 Ke6 48. Be3 Rd8 49. Rxd8 Nxd8 50. Bb6 Nf7 51. Kf3 Nd6 52. Be3 Nc4 53. Bc1
Nxa5 54. Ke2 Nc4 55. Kd3 b5 56. b3 Na5 57. Kc2 Bf6 58. Bf4 g5 59. Bg3 Nc6 60.
Kd3 Ne5+ 61. Bxe5 Kxe5 62. c4 bxc4+ 63. bxc4 Be7 64. Ke3 Bc5+ 65. Kd3 a5 0-1

[Event "MCRE_KT_10"]
[Site "?"]
[Date "2005.??.??"]
[Round "2"]
[White "Krejci, Jan"]
[Black "Tyrlik, Jaroslav"]
[Result "0-1"]
[WhiteElo "1969"]
[BlackElo "1993"]
[PlyCount "62"]
[EventDate "2005.??.??"]
[EventType "corr"]
[EventRounds "2"]
[SourceDate "2005.10.20"]

1. c4 e5 2. Nc3 Nc6 3. Nf3 Nf6 4. a3 d5 5. cxd5 Nxd5 6. Qc2 Nf6 7. e3 Bd6 8. b4
O-O 9. Bb2 a6 10. Be2 Bg4 11. Rc1 Re8 12. Bd3 Bxf3 13. gxf3 Bxb4 14. Ne4 Nd5
15. Ng3 h6 16. Bh7+ Kh8 17. Be4 Ba5 18. Rg1 Nf6 19. Bxc6 bxc6 20. Nf5 Rb8 21.
Bc3 Bxc3 22. Qxc3 Qd7 23. Qc2 e4 24. fxe4 Rxe4 25. Ng3 Re5 26. Qa4 Rb2 27. Rd1
Rd5 28. Nf1 Rd3 29. f3 Nd5 30. Rg4 Ra2 31. Rc1 Nxe3 0-1

[Event "MCRE_KT_10"]
[Site "?"]
[Date "2005.??.??"]
[Round "1"]
[White "Tyrlik, Jaroslav"]
[Black "Volf, Michal"]
[Result "1-0"]
[WhiteElo "1993"]
[BlackElo "1809"]
[PlyCount "71"]
[EventDate "2005.??.??"]
[EventType "corr"]
[EventRounds "2"]
[SourceDate "2005.10.20"]

1. d4 Nf6 2. Nf3 b6 3. Nbd2 Bb7 4. e3 e6 5. Bd3 d5 6. O-O Bd6 7. c4 O-O 8. Qc2
c5 9. e4 Nxe4 10. Nxe4 dxe4 11. Bxe4 Bxe4 12. Qxe4 Nd7 13. Be3 Nf6 14. Qh4 cxd4
15. Bxd4 Be7 16. Rfe1 Qc7 17. b3 Rfe8 18. Rad1 Rac8 19. Ng5 h6 20. Ne4 Nxe4 21.
Qxe4 Bb4 22. Re3 e5 23. Bxe5 Rcd8 24. Rxd8 Qxd8 25. Qg4 g6 26. h3 Qd2 27. Bf4
Rf8 28. Re4 Qxa2 29. Bxh6 Rd8 30. Qh4 Qb1+ 31. Kh2 Qd1 32. Be3 Bd6+ 33. g3 Bf8
34. Bd4 Rxd4 35. Rxd4 Qxb3 36. Qf4 1-0

[Event "MCRE_KT_10"]
[Site "?"]
[Date "2005.??.??"]
[Round "2"]
[White "Volf, Michal"]
[Black "Tyrlik, Jaroslav"]
[Result "0-1"]
[WhiteElo "1809"]
[BlackElo "1993"]
[PlyCount "78"]
[EventDate "2005.??.??"]
[EventType "corr"]
[EventRounds "2"]
[SourceDate "2005.10.20"]

1. d4 d5 2. c4 c6 3. Nc3 dxc4 4. e4 e5 5. Nf3 exd4 6. Qxd4 Qxd4 7. Nxd4 Nd7 8.
Bxc4 Ngf6 9. O-O Bc5 10. Rd1 O-O 11. Bf4 Re8 12. f3 a5 13. a4 Ne5 14. Ba2 Nh5
15. Bxe5 Rxe5 16. Nce2 Nf6 17. Rac1 Nd7 18. Kh1 Kf8 19. Nf5 g6 20. Nh6 f5 21.
Nf7 Re7 22. Ng5 Be3 23. Ne6+ Rxe6 24. Bxe6 Bxc1 25. Nxc1 Ke7 26. exf5 Nc5 27.
Bxc8 Rxc8 28. fxg6 hxg6 29. b3 b5 30. axb5 cxb5 31. h4 Ne6 32. Ne2 Rc2 33. Re1
Kf8 34. Kh2 Rb2 35. Kg3 Kf7 36. Nf4 Nxf4 37. Kxf4 Rxb3 38. g4 a4 39. h5 a3 0-1

[Event "MCRE_KT_10"]
[Site "?"]
[Date "2005.??.??"]
[Round "1"]
[White "Tyrlik, Jaroslav"]
[Black "Ertl, Lubos"]
[Result "1-0"]
[WhiteElo "1993"]
[BlackElo "1771"]
[PlyCount "103"]
[EventDate "2005.??.??"]
[EventType "corr"]
[EventRounds "2"]
[SourceDate "2005.10.20"]

1. d4 Nf6 2. Nf3 d5 3. e3 e6 4. c4 Be7 5. cxd5 exd5 6. Bd3 O-O 7. O-O Re8 8.
Qc2 Bd6 9. Nc3 Bg4 10. Nb5 Bxf3 11. gxf3 c6 12. Nxd6 Qxd6 13. Bd2 Nbd7 14. Rac1
Rac8 15. Kh1 c5 16. Rg1 c4 17. Bf5 Rc7 18. Rg2 Nf8 19. Rg3 Ng6 20. Rcg1 b6 21.
Bc3 Qc6 22. Bb4 a5 23. Bc3 Ra7 24. Bd2 Qd6 25. b3 Rc7 26. a4 Kh8 27. bxc4 dxc4
28. Bc3 Nd5 29. Be4 Nb4 30. Qd2 Nd3 31. Rb1 Rd8 32. Kg1 Nh4 33. f4 f5 34. Bh1
Ng6 35. Rb5 Ne7 36. d5 Nc8 37. Qa2 Rdd7 38. Qa1 Re7 39. Bd4 Rcd7 40. Qc3 Qc7
41. h4 Nb4 42. h5 Kg8 43. Bf3 Rf7 44. Rg5 Nd3 45. Rb1 Nb4 46. Be5 Nd6 47. h6 g6
48. e4 Qd8 49. Bxd6 Rxd6 50. exf5 Nxd5 51. Qxc4 Ne7 52. fxg6 1-0

[Event "MCRE_KT_10"]
[Site "?"]
[Date "2005.??.??"]
[Round "2"]
[White "Ertl, Lubos"]
[Black "Tyrlik, Jaroslav"]
[Result "0-1"]
[WhiteElo "1771"]
[BlackElo "1993"]
[PlyCount "134"]
[EventDate "2005.??.??"]
[EventType "corr"]
[EventRounds "2"]
[SourceDate "2005.10.20"]

1. e4 e6 2. d4 d5 3. Nc3 Nf6 4. e5 Nfd7 5. f4 c5 6. Nf3 Nc6 7. Be3 a6 8. Qd2
Be7 9. dxc5 Bxc5 10. Be2 O-O 11. Rd1 Bxe3 12. Qxe3 f6 13. Bd3 fxe5 14. fxe5 h6
15. O-O Qc7 16. Rde1 b5 17. Nd1 Qa7 18. Nf2 Qxe3 19. Rxe3 b4 20. h3 Rb8 21.
Ree1 a5 22. Kh2 Nc5 23. Kg3 Bd7 24. Bg6 Ne7 25. Bd3 a4 26. Nd4 b3 27. axb3 axb3
28. Re2 bxc2 29. Bxc2 Rb4 30. Rd1 Na4 31. Rd3 Nxb2 32. Rb3 Rxd4 33. Rxb2 Be8
34. Kh2 Rc4 35. Bd3 Rc3 36. Bc2 Bh5 37. g4 Be8 38. Nd1 Ra3 39. Nf2 Nc6 40. Bd1
Na5 41. Bc2 h5 42. Nd3 Nc6 43. Ne1 hxg4 44. hxg4 Rf4 45. Bd3 Rxg4 46. Bb5 Bd7
47. Bxc6 Bxc6 48. Rec2 Rh4+ 49. Kg1 Ba4 50. Rg2 Ra1 51. Kf2 Rf4+ 52. Nf3 Ra3
53. Rb8+ Kf7 54. Rg3 g5 55. Kg2 Ra2+ 56. Kg1 g4 57. Ng5+ Ke7 58. Rc3 Rd4 59.
Rc1 Rdd2 60. Rh8 Bc2 61. Rg8 Ra6 62. Rg7+ Kf8 63. Rc7 Bg6 64. Nh7+ Bxh7 65.
Rxh7 Kg8 66. Re7 Ra8 67. Rxe6 d4 0-1

[Event "MCRE_KT_10"]
[Site "?"]
[Date "2005.??.??"]
[Round "1"]
[White "Tyrlik, Jaroslav"]
[Black "Cernovsky, Karel"]
[Result "1-0"]
[WhiteElo "1993"]
[BlackElo "1600"]
[PlyCount "99"]
[EventDate "2005.??.??"]
[EventType "corr"]
[EventRounds "2"]
[SourceDate "2005.10.20"]

1. d4 Nf6 2. Nf3 e6 3. Bg5 c5 4. Nc3 cxd4 5. Qxd4 Nc6 6. Qh4 Bb4 7. e4 Bxc3+ 8.
bxc3 Rg8 9. Nd2 h6 10. Bxf6 Qxf6 11. Qxf6 gxf6 12. Nc4 Ke7 13. O-O-O b6 14. g3
Na5 15. Nxa5 bxa5 16. Bd3 Bb7 17. Rhe1 Rg5 18. Kd2 Rh5 19. h4 Rg8 20. Rb1 Bc6
21. Rb3 Kd6 22. a3 Rc5 23. Reb1 Kc7 24. c4 d6 25. R3b2 Rh5 26. Ke3 Re5 27. Kf4
Rc5 28. Rd1 Kd7 29. Rbb1 Ke7 30. g4 e5+ 31. Kg3 Bd7 32. f3 Rc7 33. Kf2 h5 34.
gxh5 Rh8 35. Rh1 Rxh5 36. f4 f5 37. fxe5 fxe4 38. exd6+ Kxd6 39. Be2 Rh6 40.
Rbd1+ Ke6 41. Ke3 Bc6 42. Rdf1 f5 43. Kf4 Rg7 44. Rh2 Ba4 45. Rc1 Rc7 46. h5
Rc5 47. Rg2 Be8 48. Rg5 a6 49. Rb1 Ke7 50. Rb7+ 1-0

[Event "MCRE_KT_10"]
[Site "?"]
[Date "2005.??.??"]
[Round "2"]
[White "Cernovsky, Karel"]
[Black "Tyrlik, Jaroslav"]
[Result "1/2-1/2"]
[WhiteElo "1600"]
[BlackElo "1993"]
[PlyCount "108"]
[EventDate "2005.??.??"]
[EventType "corr"]
[EventRounds "2"]
[SourceDate "2005.10.20"]

1. e4 e6 2. d4 d5 3. exd5 exd5 4. Nf3 Nf6 5. Bd3 Be7 6. O-O O-O 7. c3 Nbd7 8.
Qc2 Re8 9. Bf4 c5 10. b3 a6 11. a4 cxd4 12. Nxd4 Nc5 13. Re1 Bg4 14. Nd2 Rc8
15. h3 Nxd3 16. Qxd3 Bh5 17. Nf5 Bf8 18. Rxe8 Qxe8 19. Nd6 Bxd6 20. Bxd6 Qe6
21. Bg3 Bg6 22. Qd4 Nd7 23. f3 h6 24. Re1 Qc6 25. c4 dxc4 26. Nxc4 Nc5 27. Nd6
Rd8 28. Re3 Ne6 29. Qe5 Qc1+ 30. Re1 Qa3 31. Re3 b6 32. Kh2 Qc5 33. Qxc5 bxc5
34. a5 Kf8 35. h4 Bh7 36. Nc4 Ke7 37. Ne5 Rd5 38. Be1 f6 39. Nc4 Rd3 40. b4
Rxe3 41. Nxe3 Kd6 42. g4 Nd4 43. bxc5+ Kxc5 44. Kg3 Bg6 45. h5 Be8 46. f4 Bc6
47. Kf2 Be4 48. Bc3 Ne6 49. Kg3 Kb5 50. Be1 Nd4 51. Kf2 Nc6 52. Bc3 Nd8 53. Kg3
Ka4 54. g5 hxg5 1/2-1/2

[Event "MCRE_KT_10"]
[Site "?"]
[Date "2005.??.??"]
[Round "2"]
[White "Fiantok, Lukas"]
[Black "Tyrlik, Jaroslav"]
[Result "0-1"]
[WhiteElo "1600"]
[BlackElo "1993"]
[PlyCount "20"]
[EventDate "2005.??.??"]
[EventType "corr"]
[EventRounds "2"]
[SourceDate "2005.10.20"]

1. e4 e6 2. d4 d5 3. Nc3 Nf6 4. Bg5 dxe4 5. Nxe4 Nbd7 6. Nf3 Be7 7. Bxf6 Nxf6
8. Nxf6+ gxf6 9. Bc4 Qd6 10. O-O Bd7 {
...z pracovnich duvodu se bily dne 17.9.2005 vzdal.} 0-1

[Event "MCRE_KT_10"]
[Site "?"]
[Date "2005.??.??"]
[Round "1"]
[White "Krejci, Jan"]
[Black "Volf, Michal"]
[Result "0-1"]
[WhiteElo "1969"]
[BlackElo "1809"]
[PlyCount "56"]
[EventDate "2005.??.??"]
[EventType "corr"]
[EventRounds "2"]
[SourceDate "2005.10.20"]

1. c4 e5 2. Nc3 Nf6 3. g3 Bb4 4. Bg2 O-O 5. Nf3 Nc6 6. O-O e4 7. Ng5 Bxc3 8.
bxc3 Re8 9. f3 e3 10. d3 d5 11. Qb3 Na5 12. Qa3 c6 13. cxd5 cxd5 14. f4 Nc6 15.
Rb1 Bg4 16. Rxb7 Bxe2 17. Nxf7 Qa5 18. Re1 Bxd3 19. Nd6 a6 20. Qxa5 Nxa5 21.
Nxe8 Rxe8 22. Rb6 Nc4 23. Rb4 e2 24. Bf3 Ne4 25. Bb2 a5 26. Rb7 Nxb2 27. Bxe4
Rxe4 28. Rxb2 Rc4 {Rozhodci- kontumacne} 0-1

[Event "MCRE_KT_10"]
[Site "?"]
[Date "2005.??.??"]
[Round "2"]
[White "Volf, Michal"]
[Black "Krejci, Jan"]
[Result "1-0"]
[WhiteElo "1809"]
[BlackElo "1969"]
[PlyCount "57"]
[EventDate "2005.??.??"]
[EventType "corr"]
[EventRounds "2"]
[SourceDate "2005.10.20"]

1. d4 e6 2. c4 Nf6 3. Nf3 c5 4. Nc3 cxd4 5. Nxd4 a6 6. e4 Qc7 7. Be3 Be7 8. Be2
d6 9. O-O Nbd7 10. Rc1 b6 11. f4 Bb7 12. Qc2 Rc8 13. Qd3 Nc5 14. Qc2 Nfxe4 15.
b4 Nxc3 16. Qxc3 Nd7 17. Qd3 O-O 18. Bg4 Nf6 19. Bh3 Be4 20. Qe2 Qb7 21. Nxe6
fxe6 22. Bxe6+ Kh8 23. Bxc8 Rxc8 24. Bd4 Bf5 25. Rfe1 Ng8 26. a3 Bf8 27. g4 Bd7
28. f5 Nh6 29. h3 {Rozhodci- kontumacne} 1-0

[Event "MCRE_KT_10"]
[Site "?"]
[Date "2005.??.??"]
[Round "1"]
[White "Krejci, Jan"]
[Black "Ertl, Lubos"]
[Result "0-1"]
[WhiteElo "1969"]
[BlackElo "1771"]
[PlyCount "92"]
[EventDate "2005.??.??"]
[EventType "corr"]
[EventRounds "2"]
[SourceDate "2005.10.20"]

1. c4 e5 2. Nc3 Nc6 3. Nf3 f5 4. d4 e4 5. Ng5 Nf6 6. Nh3 Bb4 7. e3 Bxc3+ 8.
bxc3 O-O 9. Ba3 d6 10. Be2 b6 11. O-O Qe8 12. Nf4 Ba6 13. c5 Bxe2 14. Qxe2 dxc5
15. dxc5 Rf7 16. Rad1 Ne5 17. Rd4 b5 18. Nd5 Nxd5 19. Rxd5 Nc4 20. Bc1 c6 21.
Rd4 Qe7 22. Rfd1 Qxc5 23. Rd8+ Rxd8 24. Rxd8+ Rf8 25. Rd4 a6 26. Qd1 Qe7 27. h3
c5 28. Rd7 Qe5 29. Qb3 Kh8 30. Ba3 h6 31. Bc1 Qf6 32. Rd5 Rd8 33. Rxd8+ Qxd8
34. a4 Qa5 35. axb5 axb5 36. f3 Qa4 37. Qb1 Qd1+ 38. Kf2 b4 39. cxb4 Nd2 40.
Qb2 Qf1+ 41. Kg3 Qe1+ 42. Kf4 Qh4+ 43. g4 exf3 44. Qxd2 f2 45. Qe2 fxg4 46.
hxg4 Qf6+ 0-1

[Event "MCRE_KT_10"]
[Site "?"]
[Date "2005.??.??"]
[Round "2"]
[White "Ertl, Lubos"]
[Black "Krejci, Jan"]
[Result "1-0"]
[WhiteElo "1771"]
[BlackElo "1969"]
[PlyCount "63"]
[EventDate "2005.??.??"]
[EventType "corr"]
[EventRounds "2"]
[SourceDate "2005.10.20"]

1. e4 c5 2. Nf3 a6 3. Nc3 e6 4. d4 cxd4 5. Nxd4 Ne7 6. Be3 d5 7. Qh5 Nbc6 8.
O-O-O g6 9. Qh4 Bg7 10. exd5 exd5 11. Be2 O-O 12. Rhe1 Qd7 13. g4 f5 14. Nxc6
bxc6 15. Bc5 Rf7 16. Bd3 Bf6 17. g5 Bg7 18. Qf4 Bb7 19. Re2 Rd8 20. Na4 Nc8 21.
Bb4 Bf8 22. Nc5 Bd6 23. Qd4 Bxc5 24. Bxc5 Nd6 25. f3 Re8 26. Bb4 h5 27. gxh6
Rxe2 28. Bxe2 Qd8 29. Qf4 Rf6 30. h4 Nf7 31. Bd3 Qc8 32. Qd4 1-0

[Event "MCRE_KT_10"]
[Site "?"]
[Date "2005.??.??"]
[Round "1"]
[White "Krejci, Jan"]
[Black "Cernovsky, Karel"]
[Result "0-1"]
[WhiteElo "1969"]
[BlackElo "1600"]
[PlyCount "82"]
[EventDate "2005.??.??"]
[EventType "corr"]
[EventRounds "2"]
[SourceDate "2005.10.20"]

1. c4 Nf6 2. Nc3 e5 3. Nf3 Nc6 4. a3 g6 5. g3 Bg7 6. Bg2 O-O 7. O-O d6 8. Rb1
Nd4 9. e3 Nxf3+ 10. Bxf3 c6 11. Bg2 Bg4 12. Qc2 Rc8 13. Qa4 Nd7 14. b4 a6 15.
d3 e4 16. d4 Nb6 17. Qb3 Be6 18. d5 cxd5 19. Nxd5 Rxc4 20. Nxb6 Rxc1 21. Nd5
Rc3 22. Qa2 f5 23. Rfd1 Qd7 24. Rbc1 Rxc1 25. Rxc1 Qb5 26. Rd1 Kh8 27. Bf1 Qa4
28. Rc1 b5 29. Kg2 f4 30. Qd2 Bxd5 31. Qxd5 fxe3 32. fxe3 Qxa3 33. Qd2 d5 34.
Rc2 d4 35. Kg1 d3 36. Rc1 Bb2 37. Rb1 Bc3 38. Qg2 d2 39. Qxe4 Qc1 40. Qd3 d1=Q
41. Qxd1 Qxe3+ 0-1

[Event "MCRE_KT_10"]
[Site "?"]
[Date "2005.??.??"]
[Round "2"]
[White "Cernovsky, Karel"]
[Black "Krejci, Jan"]
[Result "1-0"]
[WhiteElo "1600"]
[BlackElo "1969"]
[PlyCount "71"]
[EventDate "2005.??.??"]
[EventType "corr"]
[EventRounds "2"]
[SourceDate "2005.10.20"]

1. e4 c5 2. Nf3 a6 3. Nc3 e6 4. d4 cxd4 5. Nxd4 Ne7 6. Be3 d5 7. Nb3 Nbc6 8.
Be2 dxe4 9. Qxd8+ Nxd8 10. Nxe4 Nd5 11. Bd2 Nc6 12. O-O-O Be7 13. c4 Nf6 14.
Nxf6+ Bxf6 15. Be3 O-O 16. Nc5 Rd8 17. Rhe1 e5 18. Bf3 Kf8 19. Nd3 Bf5 20. Bxc6
Bxd3 21. Bxb7 Rab8 22. Bc5+ Kg8 23. Bd5 e4 24. b3 Bg5+ 25. Kb2 Bf6+ 26. Ka3 Bc3
27. Re3 Rbc8 28. Be7 Rd7 29. Bxe4 Rxe7 30. Rdxd3 Bf6 31. Bd5 Rec7 32. f4 Kf8
33. Ka4 Rb8 34. b4 Be7 35. a3 h5 36. Rh3 1-0

[Event "MCRE_KT_10"]
[Site "?"]
[Date "2005.??.??"]
[Round "1"]
[White "Volf, Michal"]
[Black "Ertl, Lubos"]
[Result "0-1"]
[WhiteElo "1809"]
[BlackElo "1771"]
[PlyCount "76"]
[EventDate "2005.??.??"]
[EventType "corr"]
[EventRounds "2"]
[SourceDate "2005.10.20"]

1. f4 d5 2. e3 Bf5 3. b3 Nf6 4. Bb2 e6 5. d3 Bc5 6. d4 Be7 7. Nf3 Ne4 8. Bd3
Bh4+ 9. g3 Be7 10. Nbd2 Nd7 11. O-O O-O 12. Bxe4 dxe4 13. Ne5 f6 14. Nxd7 Qxd7
15. Qe2 Qe8 16. Qg2 Qg6 17. h3 h5 18. c4 c6 19. Kh2 b6 20. Rfd1 c5 21. Nf1 Rfd8
22. a4 Rab8 23. Qe2 Rb7 24. Rd2 Rbd7 25. Rad1 Rb8 26. Bc3 a6 27. Qg2 Rc8 28.
dxc5 Rxd2 29. Rxd2 Bxc5 30. b4 Be7 31. Qe2 e5 32. fxe5 fxe5 33. Rd1 Be6 34. Nd2
Rd8 35. Kg2 Qf5 36. g4 hxg4 37. hxg4 Qg6 38. Kg3 Rd3 0-1

[Event "MCRE_KT_10"]
[Site "?"]
[Date "2005.??.??"]
[Round "2"]
[White "Ertl, Lubos"]
[Black "Volf, Michal"]
[Result "1-0"]
[WhiteElo "1771"]
[BlackElo "1809"]
[PlyCount "75"]
[EventDate "2005.??.??"]
[EventType "corr"]
[EventRounds "2"]
[SourceDate "2005.10.20"]

1. e4 c6 2. d4 d5 3. Nc3 dxe4 4. Nxe4 Nf6 5. Nxf6+ exf6 6. Bc4 Bf5 7. Nf3 Bd6
8. Qe2+ Qe7 9. Be3 Nd7 10. O-O O-O-O 11. Rfe1 Nb6 12. Bd3 Bxd3 13. Qxd3 Qe6 14.
Bh6 Qg4 15. Bd2 Qg6 16. Qc3 h5 17. Rad1 h4 18. h3 Rh5 19. Re2 Rb5 20. b3 Bb4
21. Qa1 Bxd2 22. Rexd2 Qh5 23. c4 Rf5 24. Qc3 Kb8 25. a4 Nc8 26. d5 cxd5 27.
cxd5 Nd6 28. Qa5 Rd7 29. Qb4 Rxf3 30. gxf3 Qxf3 31. Qxh4 Rd8 32. Qg4 Qxb3 33.
Rd3 Qc2 34. Qxg7 f5 35. Qf6 Qc7 36. Rc3 Rg8+ 37. Kf1 Qd7 38. Re1 1-0

[Event "MCRE_KT_10"]
[Site "?"]
[Date "2005.??.??"]
[Round "1"]
[White "Volf, Michal"]
[Black "Cernovsky, Karel"]
[Result "0-1"]
[WhiteElo "1809"]
[BlackElo "1600"]
[PlyCount "84"]
[EventDate "2005.??.??"]
[EventType "corr"]
[EventRounds "2"]
[SourceDate "2005.10.20"]

1. Nc3 d5 2. e4 d4 3. Nce2 e5 4. Ng3 Nc6 5. Nf3 Bd6 6. Bc4 Nf6 7. d3 Na5 8. O-O
Nxc4 9. dxc4 c5 10. b3 O-O 11. Bb2 Rb8 12. Qd3 Re8 13. a4 b6 14. Rad1 Be6 15.
Rfe1 Qc7 16. Nh4 g6 17. Bc1 Bf8 18. Bg5 Ng4 19. h3 f6 20. Bd2 Nh6 21. Nf3 Nf7
22. c3 Bg7 23. Ne2 Qc6 24. cxd4 cxd4 25. Bb4 Nd8 26. Nd2 Nb7 27. Nc1 Nc5 28.
Qf3 Bd7 29. Ba3 Bf8 30. b4 Nxa4 31. b5 Qe6 32. Bxf8 Rxf8 33. Nd3 Rbc8 34. Ra1
Rxc4 35. Nxc4 Qxc4 36. Rab1 Bxb5 37. Nc1 Qc3 38. Qxc3 Nxc3 39. Ra1 a5 40. f3
Bc4 41. Kf2 a4 42. g4 b5 0-1

[Event "MCRE_KT_10"]
[Site "?"]
[Date "2005.??.??"]
[Round "2"]
[White "Cernovsky, Karel"]
[Black "Volf, Michal"]
[Result "1-0"]
[WhiteElo "1600"]
[BlackElo "1809"]
[PlyCount "73"]
[EventDate "2005.??.??"]
[EventType "corr"]
[EventRounds "2"]
[SourceDate "2005.10.20"]

1. e4 c6 2. d4 d5 3. Nc3 dxe4 4. Nxe4 Nf6 5. Nxf6+ gxf6 6. Nf3 Bf5 7. Be2 Nd7
8. O-O e6 9. Bd3 Bxd3 10. Qxd3 Qc7 11. c4 O-O-O 12. Qe4 h5 13. g3 Be7 14. Bf4
Bd6 15. Bxd6 Qxd6 16. Rad1 Kb8 17. Qh4 Rdg8 18. h3 e5 19. dxe5 Nxe5 20. Nxe5
Qxe5 21. b4 Qg5 22. Qd4 h4 23. g4 Ka8 24. f4 Qg7 25. f5 Re8 26. Rfe1 Rxe1+ 27.
Rxe1 Rc8 28. c5 Qg5 29. Kg2 a6 30. b5 axb5 31. a4 b4 32. Qxb4 Kb8 33. a5 Qg8
34. a6 Rc7 35. axb7 Rxb7 36. Qf4+ Kc8 37. Ra1 1-0

[Event "MCRE_KT_10"]
[Site "?"]
[Date "2005.??.??"]
[Round "1"]
[White "Ertl, Lubos"]
[Black "Cernovsky, Karel"]
[Result "0-1"]
[WhiteElo "1771"]
[BlackElo "1600"]
[PlyCount "68"]
[EventDate "2005.??.??"]
[EventType "corr"]
[EventRounds "2"]
[SourceDate "2005.10.20"]

1. c4 Nf6 2. Nc3 e5 3. Nf3 Nc6 4. g3 Bb4 5. Nd5 e4 6. Nh4 O-O 7. Bg2 d6 8.
Nxf6+ Qxf6 9. Bxe4 Re8 10. Bxc6 bxc6 11. e3 d5 12. Qa4 Rb8 13. a3 Bc5 14. cxd5
g5 15. d4 Bb6 16. Qxc6 Qxc6 17. dxc6 gxh4 18. Kd2 Re6 19. Rg1 Rxc6 20. gxh4+
Rg6 21. Rxg6+ hxg6 22. b4 a5 23. Bb2 axb4 24. axb4 Bb7 25. Kd3 Re8 26. b5 Be4+
27. Kc4 Bf3 28. Kd3 f5 29. Rg1 Kf7 30. Rg3 Be4+ 31. Kc4 Rh8 32. f3 Bb7 33. f4
Rxh4 34. h3 Rh8 0-1

[Event "MCRE_KT_10"]
[Site "?"]
[Date "2005.??.??"]
[Round "2"]
[White "Cernovsky, Karel"]
[Black "Ertl, Lubos"]
[Result "1-0"]
[WhiteElo "1600"]
[BlackElo "1771"]
[PlyCount "49"]
[EventDate "2005.??.??"]
[EventType "corr"]
[EventRounds "2"]
[SourceDate "2005.10.20"]

1. e4 c5 2. Nf3 Nc6 3. Nc3 Nf6 4. Bb5 Nd4 5. e5 Nxb5 6. Nxb5 Nd5 7. O-O a6 8.
Nc3 Nxc3 9. dxc3 d5 10. exd6 Qxd6 11. Qe2 Bg4 12. h3 Qe6 13. Be3 Bh5 14. Rfe1
Qb6 15. b4 e6 16. g4 Bg6 17. Ne5 Rc8 18. Rad1 Be7 19. Rd7 Qb5 20. Qf3 cxb4 21.
Bd4 Rb8 22. c4 Qxd7 23. Nxd7 Kxd7 24. Bxg7 Rhc8 25. Be5 1-0